000 00892nam a2200289 i 4500
001 000011366
003 DO-SdBNP
005 20250626144143.0
007 ta
008 091016s1990 dr 000 0 spa d
040 _aDO-SdBNP
_bspa
_cBNPHU
_erda
041 _aspa
082 4 _a616.89
_bZ18m 1990
_222
100 1 _aZaglul, Antonio,
_d1920-1996
_eautor
_4aut.
_969657
245 1 0 _aMis 500 locos /
_cAntonio Zaglul.
250 _aDecima edición
264 1 _aSanto Domingo
_bEditora Taller,
_c1990.
300 _a161 páginas ;
_c21 cm.
336 _atexto
_btxt
_2rdacontent
337 _asin mediación
_bn
_2rdamedia
338 _avolumen
_bn
_2rdacarrie
590 _aInventariado, 2018/LP
650 4 _aPsiquiatría
_xCasos, historias clínicas, estadísticas
_926969
650 4 _aTrastornos mentales
_918252
910 _aValidado. Control de calidad BNPHU
942 _2ddc
_cLBS1
999 _c11073
_d11073